Guess My 20 Favorite Metal Bands - Statistics

General Stats
  • This quiz has been taken 27 times
  • The average score is 8 of 20
Answer Stats
Hint Answer % Correct
One of the most popular Metal bands ever Metallica
91%
Feuer frei! Rammstein
82%
The ultimate metal band and lead singer Black Sabbath/Ozzy
68%
Have the best mascot in Heavy Metal Iron Maiden
64%
A Panthers favorite band Pantera
64%
The Nu metal band that is so good it makes you hungry! Korn
55%
Industrial Pioneers Some people say they have 10" nails Nine Inch Nails
55%
Brazilian Roots Sepultura
55%
Mongolian Heavy Metal The HU
32%
Moody Green Goth Music Type O Negative
27%
Coined the Heavy Metal Term, Space Truckin' Deep Purple
23%
Pioneers of Funk Metal, Singer has perfect pitch Faith No More
23%
Hardcore band from Oldham County, Arf Arf Knocked Loose
23%
This NWOAHM band hails from Virginia Lamb of God
23%
Industrial Metal Pioneers from Chicago Ministry
23%
Metalcore Band where the lead singer leaves and comes back and his replacement was awesome! Killswitch Engage
18%
Hardcore band from Massachussetts, you may hate them but you may love them! Hatebreed
14%
Started as a Christian Band from WV/PA, begins with a Z Zao
9%
Progressive Metal Band named After a Counting Crows song Between the Buried and Me
5%
Orange County Hardcore/Metalcore, For my friends! Throwdown
0%
No matching quizzes found
Score Distribution
Percent of People with Each Score
Percentile by Number Answered
Your Score History
You have not taken this quiz